New Braunfels attractions and area map /

Bibliographic Details
Format: Map
Language:English
Published: [New Braunfels] : [Greater New Braunfels Chamber of Commerce], [2005?]
Subjects:

MARC

Tag First Indicator Second Indicator Subfields
LEADER 00000cem a22000007a 4500
001 in00002781531
005 20150922104946.0
007 aj canzn
008 800318s2005 txu a 1 eng d
034 0 |a a 
040 |d UtOrBLW 
043 |a n-us-tx 
049 |a TXAM 
050 0 0 |a G4034.N5E635 2005  |b .N49 
052 |a 4034  |b N5 
245 0 0 |a New Braunfels attractions and area map /  |c New Braunfels Chamber of Commerce. 
255 |a Scale not given. 
264 1 |a [New Braunfels] :  |b [Greater New Braunfels Chamber of Commerce],  |c [2005?] 
300 |a 1 map :  |b color ;  |c 45 x 54 cm. folded to 23 x 10 cm. 
336 |a cartographic image  |b cri  |2 rdacontent 
337 |a unmediated  |b n  |2 rdamedia 
338 |a sheet  |b nb  |2 rdacarrier 
500 |a Panel title. 
500 |a Shows points of interest and roads. 
500 |a Includes index to points of interest. 
500 |a Index, col. ill., and mileage map on verso. 
500 |a "New Braunfels, Texas. Jump in!" 
500 |a Cartographic material. 
651 0 |a New Braunfels (Tex.)  |v Maps. 
655 7 |a Tourist maps.  |2 lcgft 
655 7 |a Pictorial maps.  |2 lcgft 
994 |a C0  |b TXA 
948 |a needs original cataloging  |c 2012/8/2  |e agaffey 
999 |a MARS 
999 f f |s ee431ccf-e9b7-35cc-8eb6-fdfae970011e  |i 07733deb-6376-3123-a8db-bd56d8572628  |t 0 
952 f f |p normal  |a Texas A&M University  |b College Station  |c Sterling C. Evans Library  |d Evans: Maps (2nd floor)  |t 0  |e G4034.N5E635 2005 .N49  |h Library of Congress classification  |i unmediated -- sheet  |m A14832562734 
998 f f |a G4034.N5E635 2005 .N49  |t 0  |l Evans: Maps (2nd floor)